LIBRARY & INFORMATION CENTRE, KCAET, TAVANUR

ONLINE PUBLIC ACCESS CATALOGUE (OPAC)

Vishwarashtrawa bharanakhadanakal / (Record no. 4539)

MARC details
000 -LEADER
fixed length control field 00414cam a2200169ua 4500
041 ## - LANGUAGE CODE
Language code of text/sound track or separate title mal
082 ## - DEWEY DECIMAL CLASSIFICATION NUMBER
Classification number 324
Item number MUH/VI
100 ## - MAIN ENTRY--AUTHOR NAME
Personal name Mohammed, Kunju M.
245 ## - TITLE STATEMENT
Title Vishwarashtrawa bharanakhadanakal /
260 ## - PUBLICATION, DISTRIBUTION, ETC. (IMPRINT)
Place of publication Kottayam :
Name of publisher National Book Stall.
300 ## - PHYSICAL DESCRIPTION
Number of Pages 119 ; .
942 ## - ADDED ENTRY ELEMENTS (KOHA)
Koha item type Books
Holdings
Withdrawn status Lost status Damaged status Home library Current library Date acquired Full call number Accession Number Koha item type
Withdrawn     KAUAET Malayalam University 07/04/2012 324 127 Books
free website counter